000 00958nam a2200253 a 4500
001 000023161
005 20200930022028.0
008 101129s1980 mx r 001 0 spa d
020 _a9682310032
040 _aDO-SdBNP
_bspa
_cBNPHU
041 1 7 _aspa
_heng
_2Código de idiomas MARC
082 _annnn
_bB458a
100 1 _aBender, Gerald J.,
_947678
240 1 0 _aAngola under the portuguese. the myth and the reality.
_lEspañol.
245 1 0 _aAngola :
_bmito y realidad de su colonización /
_cGerald J. Bender ; traducción de Carmen Bassols Batalla.
260 _aMéxico :
_bSiglo veintiuno,
_c1980.
300 _a339, [5] p. ;
_c21 cm.
490 1 _aHistoria
504 _aIncluye referencias bibliográficas y notas al pie de las páginas.
534 _pTítulo original en inglés:
_tAngola under the portuguese. the myth and the reality.
_c1978
700 1 _aBassols Batalla, Carmen,
_etr.
_947679
830 0 _aHistoria
_92122
049 _aBNGR
999 _c22658
_d22658